<?xml version="1.0" encoding="UTF-8"?>
<collection xmlns="http://www.loc.gov/MARC21/slim">
 <record>
  <leader>01048cam a2200277 a 4500</leader>
  <controlfield tag="001">MAT.inmabb003289</controlfield>
  <controlfield tag="008">910107s1991####nyu######b####100#0#eng##</controlfield>
  <controlfield tag="005">20160531170821.0</controlfield>
  <datafield tag="245" ind1="1" ind2="0">
   <subfield code="a">Symplectic geometry, groupoids, and integrable systems /</subfield>
   <subfield code="c">Séminaire Sud Rhodanien de Géométrie à Berkeley (1989) ; P. Dazord, A. Weinstein, editors.</subfield>
  </datafield>
  <datafield tag="260" ind1=" " ind2=" ">
   <subfield code="a">New York :</subfield>
   <subfield code="b">Springer-Verlag,</subfield>
   <subfield code="c">c1991.</subfield>
  </datafield>
  <datafield tag="300" ind1=" " ind2=" ">
   <subfield code="a">xi, 311 p ;</subfield>
   <subfield code="c">24 cm.</subfield>
  </datafield>
  <datafield tag="440" ind1=" " ind2="0">
   <subfield code="a">Mathematical Sciences Research Institute publications ;</subfield>
   <subfield code="v">20</subfield>
  </datafield>
  <datafield tag="500" ind1=" " ind2=" ">
   <subfield code="a">Inglés y francés.</subfield>
  </datafield>
  <datafield tag="504" ind1=" " ind2=" ">
   <subfield code="a">Incluye referencias bibliográficas.</subfield>
  </datafield>
  <datafield tag="510" ind1="4" ind2=" ">
   <subfield code="a">MR,</subfield>
   <subfield code="c">91m:58004</subfield>
  </datafield>
  <datafield tag="020" ind1=" " ind2=" ">
   <subfield code="a">0387975268</subfield>
  </datafield>
  <datafield tag="111" ind1="2" ind2=" ">
   <subfield code="a">Séminaire sud-rhodanien de géométrie</subfield>
   <subfield code="n">(6th :</subfield>
   <subfield code="d">1989 :</subfield>
   <subfield code="c">Berkeley, Calif.)</subfield>
  </datafield>
  <datafield tag="700" ind1="1" ind2=" ">
   <subfield code="a">Dazord, P.</subfield>
   <subfield code="q">(Pierre)</subfield>
   <subfield code="4">edt</subfield>
  </datafield>
  <datafield tag="700" ind1="1" ind2=" ">
   <subfield code="a">Weinstein, Alan,</subfield>
   <subfield code="d">1943-</subfield>
   <subfield code="4">edt</subfield>
  </datafield>
  <datafield tag="650" ind1=" " ind2="0">
   <subfield code="a">Groupoids</subfield>
   <subfield code="x">Congresses.</subfield>
  </datafield>
  <datafield tag="650" ind1=" " ind2="0">
   <subfield code="a">Symplectic geometry</subfield>
   <subfield code="v">Congresses.</subfield>
  </datafield>
  <datafield tag="084" ind1=" " ind2=" ">
   <subfield code="a">58-06</subfield>
   <subfield code="2">MR</subfield>
  </datafield>
  <datafield tag="010" ind1=" " ind2=" ">
   <subfield code="a">   91004428 </subfield>
  </datafield>
  <datafield tag="040" ind1=" " ind2=" ">
   <subfield code="a">DLC</subfield>
   <subfield code="c">DLC</subfield>
   <subfield code="d">DLC</subfield>
  </datafield>
  <datafield tag="041" ind1="0" ind2=" ">
   <subfield code="a">eng</subfield>
   <subfield code="a">fre</subfield>
  </datafield>
  <datafield tag="859" ind1=" " ind2=" ">
   <subfield code="h">58</subfield>
   <subfield code="i">Se471g-6</subfield>
   <subfield code="p">A-6854</subfield>
   <subfield code="b">BIB. MATEMATICA</subfield>
  </datafield>
 </record>
</collection>
